|
|
|
|
| LEADER |
00000nab a2200000 a 4500 |
| 001 |
vtls000615089 |
| 003 |
SK-MaSNL |
| 005 |
20260319074616.0 |
| 008 |
160401c1997 xo 0 hun |
| 015 |
|
|
|a SNBRB19rr/mm-uuuuu
|
| 035 |
|
|
|a CL0615228
|
| 040 |
|
|
|a SNKBUCL
|b slo
|c SNKBUCL
|e AACR2
|
| 041 |
0 |
|
|a hun
|
| 044 |
|
|
|a xo
|c SK
|
| 080 |
|
|
|a 372.882
|2 1981
|
| 080 |
|
|
|a 82:37
|2 1981
|
| 100 |
1 |
|
|a Sági Tóth, Tibor
|4 aut
|9 398701
|
| 245 |
1 |
0 |
|a Irodalomoktatás - korszerűen
|c Tibor Sági Tóth
|
| 650 |
0 |
7 |
|a literárna výchova
|2 snkbucl
|9 1653
|
| 655 |
|
7 |
|a články z novín a časopisov
|2 snkbucl
|9 267496
|
| 773 |
0 |
|
|t Szabad újság
|g Roč. 5, č. 2 (1997), s. 10
|
| 850 |
|
|
|a Slovenská národná knižnica v Martine
|a DSG001
|
| 852 |
|
|
|a SNK
|b KIS3GCP
|
| 958 |
|
|
|a HU
|
| 958 |
|
|
|a RK
|
| 958 |
|
|
|a RBX
|
| 999 |
|
|
|c 1604423
|d 1606353
|